00678nam a22001817a 4500010001500000020002600015035001400041037001300055082001000068100001900078245010800097260004200205270006200247300002200309942002400331999001900355952012200374 aENG-120548 c250.00a9789352619870 aEN-104080 bDBAD/PUB a378.4 aKorrpati,Raghu aEducational equivalency analysis :cby k. Samender b108 India degrees and equivalency to USA degrees / aNew DelhibDiamond Pocket Booksc2017 bNew DelhiaX-30, Okhla Industrial Area, Phase- IIe110020 a211p.b22cm(pbk). 2ddccENh378.4mKOR c144361d144361 001040708NFICaBL4bBL4d2017-09-12eDBAD/PUBg250.00l0o378.4 KORpEN-104080r2017-09-12 00:00:00t1v250.00yEN